000 01453nam a2200313 i 4500
003 EG-GICUC
005 20260121101229.0
008 251116s2010 ua ||||fr|||| 00| 0 ara d
040 _a EG-GICUC
_bara
_c EG-GICUC
_d EG-GICUC
_erda
041 0 _hara
082 0 4 _221
_a345.204
_bأ ح . د
092 0 4 _221
099 _aLaw1 07 345.204 ا ل . د 2010
100 0 _aالسيد أحمد محمد مرجان
_eمؤلف.
245 1 0 _aدور الإدارة العامة الإلكترونية ولإدارة المحلية في الإرتقاء بالخدمات الجماهورية :
_bدراسة مقارنة بين الادارة المحلية في مصر وبلدية دبي في دولة الإمارات العربية المتحدة /
_cدكـتور السيد أحمد محمد مرجان.
250 _aالطبعة الثانية ،
_bمنقحة ومزيدة
264 1 _aالقاهرة :
_bدار النهضة العربية ،
_c2010.
300 _a199 صفحة ؛
_c24 سم.
336 _2rda content
_atext
337 _2rda media
_aComputer
338 _2rda carrier
_aOnline Resource
504 _aيشتمل على إرجاعات ببليوجرافية
504 _aببليوجرافيا صفحات : (173-185).
546 _aالنص باللغة العربية
650 1 _aالقانون الإداري
856 4 0 _uhttps://fll.law.cu.edu.eg/fulltext/bks/B07-00765.pdf
905 _a33
942 _2ddc
_cBK
_e21
_n0
999 _c43657
_d43657